The Cambridge History of India, Vol.-5, British India / (Record no. 22680)

MARC details
000 -LEADER
fixed length control field 00701nam a22002057a 4500
003 - CONTROL NUMBER IDENTIFIER
control field BDDh-ASL
005 - DATE AND TIME OF LATEST TRANSACTION
control field 20231015030143.0
008 - FIXED-LENGTH DATA ELEMENTS--GENERAL INFORMATION
fixed length control field 210302s1962 ii ||||| |||| 00| 0 eng d
040 ## - CATALOGING SOURCE
Original cataloging agency BDDh-ASL
Transcribing agency BDDh-ASL
082 ## - DEWEY DECIMAL CLASSIFICATION NUMBER
Classification number 954
Item number CAM
245 14 - TITLE STATEMENT
Title The Cambridge History of India, Vol.-5, British India /
260 ## - PUBLICATION, DISTRIBUTION, ETC.
Place of publication, distribution, etc. Lucknow :
-- Delhi:
Name of publisher, distributor, etc. S. Chand and Co. ,
Date of publication, distribution, etc. 1963?
300 ## - PHYSICAL DESCRIPTION
Extent 690 p. :
Dimensions 24 cm.
504 ## - BIBLIOGRAPHY, ETC. NOTE
Bibliography, etc. note Includes bibliographical references and index.
505 ## - FORMATTED CONTENTS NOTE
Formatted contents note v.1-Ancient India Period, v.4-Mughal Rule, v.5-British India, v.6-The Indian Empire and After
650 #0 - SUBJECT ADDED ENTRY--TOPICAL TERM
9 (RLIN) 3290
Topical term or geographic name entry element History of India
General subdivision History
651 #0 - SUBJECT ADDED ENTRY--GEOGRAPHIC NAME
9 (RLIN) 722
Geographic name India
700 1# - ADDED ENTRY--PERSONAL NAME
9 (RLIN) 3291
Personal name Rapson, E. J.
942 ## - ADDED ENTRY ELEMENTS (KOHA)
Source of classification or shelving scheme Dewey Decimal Classification
Koha item type Books
Holdings
Withdrawn status Lost status Source of classification or shelving scheme Damaged status Not for loan Collection code Home library Current library Shelving location Date acquired Source of acquisition Serial Enumeration / chronology Total Checkouts Full call number Barcode Date last seen Copy number Price effective from Koha item type Public note
    Dewey Decimal Classification Damaged Not For Loan Non-fiction Asiatic Society Library Asiatic Society Library General Stacks 03/03/2021 ASB Library Collections V-5   954 CAM 106968 03/03/2021 C-1 03/03/2021 Books RARE

Powered by Koha